00409nam a22001457a 450000500170000000800410001702200130005804100230007108200130009410000230010724500390013026000390016930000300020865000250023820240704081727.0240704b |||||||| |||| 00| 0 eng d a10163107 aEnglish/Afrikaans  a349 SOU  lEnglish/Afrikaans  aSouth African Criminal Law Reports aSouth African Criminal Law Reports bliv, 720 pages; c26 cm.  aLegal practice bLaw